Storia della Sicilia antica
Guardat en:
| Autor principal: | |
|---|---|
| Format: | Llibre |
| Idioma: | italià |
| Publicat: |
Roma
Laterza
1979
|
| Matèries: | |
| Etiquetes: |
Afegir etiqueta
Sense etiquetes, Sigues el primer a etiquetar aquest registre!
|
MARC
| LEADER | 00000nam a2200000 a 4500 | ||
|---|---|---|---|
| 001 | UCO0871 | ||
| 003 | CL-VaPUC | ||
| 008 | 000428e19790000IT |||||||||||||||||ita|d | ||
| 082 | 0 | 4 | |a 937.08 |b FIN |2 21 |
| 100 | 0 | |a Finley, Moses I |e author |9 442452 | |
| 245 | 1 | 0 | |a Storia della Sicilia antica |
| 300 | |a 288 p | ||
| 942 | |c BK | ||
| 945 | |d 20000428 00:00:00 |a rherrera | ||
| 260 | |a Roma |b Laterza |c 1979 | ||
| 650 | 7 | |a HISTORIA DE ITALIA SIGLO 5 |2 CL-VaPUC |9 442453 | |
| 650 | 0 | |a Historia antigua |9 267521 | |
| 651 | 0 | |a Sicilia |9 347334 | |
| 651 | 0 | |a Italia |9 254949 | |
| 583 | |a last modification |c 20160817 11:36:30 |k Rodrigo Vera | ||
| 999 | |c 287511 |d 287509 | ||
| 952 | |0 0 |1 0 |4 0 |6 937_080000000000000_FIN_1979 |7 0 |8 A |9 334392 |a BIBHIS |b BIBHIS |d 2019-11-20 |i 1267299 |o 937.08 FIN 1979 |p 1267299 |r 2025-01-20 |w 2019-11-20 |y BK |k HIS | ||